Central Library OPAC University of Rajshahi

Lights on contemporary Moslem philosophy / (Record no. 30565)

MARC details
000 -LEADER
fixed length control field 00754cam a22002651 4500
001 - CONTROL NUMBER
control field 30565
003 - CONTROL NUMBER IDENTIFIER
rucl marc code BD-RjUL
005 - DATE AND TIME OF LATEST TRANSACTION
control field 20211209051601.0
008 - FIXED-LENGTH DATA ELEMENTS--GENERAL INFORMATION
fixed length control field 140410s1958 ua 000 0beng
035 ## - SYSTEM CONTROL NUMBER
System control number (BD-RjUL)30651
040 ## - CATALOGING SOURCE
Original cataloging agency DLC
Transcribing agency DLC
Modifying agency DLC
Language of cataloging eng
041 ## - LANGUAGE CODE
Language code of text/sound track or separate title eng
082 ## - DEWEY DECIMAL CLASSIFICATION NUMBER
Classification number 181.947
Author mark and year AML 1958
100 1# - MAIN ENTRY--PERSONAL NAME
Personal name Amin, Osman
Dates associated with a name 1905-
9 (RLIN) 92860
245 10 - TITLE STATEMENT
Title Lights on contemporary Moslem philosophy /
Statement of responsibility, etc. by Osman Amin.
260 ## - PUBLICATION, DISTRIBUTION, ETC. (IMPRINT)
Place of publication, distribution, etc. Cairo :
Name of publisher, distributor, etc. Renaissance Bookshop,
Date of publication, distribution, etc. 1958
300 ## - PHYSICAL DESCRIPTION
Pagination 190 p. ;
Size 20 cm.
500 ## - GENERAL NOTE
General note Half title: Moslem philosophy.
General note Essays.
504 ## - BIBLIOGRAPHY, ETC. NOTE
Bibliography, etc Includes bibliographies.
650 #0 - SUBJECT ADDED ENTRY--TOPICAL TERM
Topical term or geographic name as entry element Islamic philosophy.
9 (RLIN) 3905
Chronological subdivision 20th century.
942 ## - ADDED ENTRY ELEMENTS (KOHA)
Source of classification or shelving scheme Dewey Decimal Classification
Koha item type Books
Holdings
Lost status Source of classification or shelving scheme Damaged status Not for loan Collection code Permanent Location Current Location Shelving location Date acquired Source of acquisition Cost, normal purchase price Total Checkouts Full call number Date last seen Copy number Koha item type
  Dewey Decimal Classification     Non-fiction Central Library, University of Rajshahi Central Library, University of Rajshahi   30/11/1966 Lucky Syndicate 25.00   181.947 AML 1958 10/04/2014 C-4 Books
  Dewey Decimal Classification   Not For Loan Non-fiction Central Library, University of Rajshahi Central Library, University of Rajshahi Reading Room 30/11/1966 Lucky Syndicate 25.00   181.947 AML 1958 10/04/2014 C-1 Books
  Dewey Decimal Classification     Non-fiction Central Library, University of Rajshahi Central Library, University of Rajshahi Reading Room 30/11/1966 Lucky Syndicate 25.00   181.947 AML 1958 10/04/2014 C-10 Books
  Dewey Decimal Classification     Non-fiction Central Library, University of Rajshahi Central Library, University of Rajshahi   30/11/1966 Md. Ashraf 11.25   181.947 AML 1958 10/04/2014 C-5 Books
  Dewey Decimal Classification     Non-fiction Central Library, University of Rajshahi Central Library, University of Rajshahi   30/11/1966 Md. Ashraf 11.25   181.947 AML 1958 10/04/2014 C-9 Books
  Dewey Decimal Classification     Non-fiction Central Library, University of Rajshahi Central Library, University of Rajshahi   30/11/1966 Sh.M.Ashraf, 11.25   181.947 AML 1958 12/04/2014 C-2 Books
  Dewey Decimal Classification     Non-fiction Central Library, University of Rajshahi Central Library, University of Rajshahi   30/11/1966 SH. MD ASHRAF 11.25   181.947 AML 1958 23/04/2014 C-3 Books
  Dewey Decimal Classification     Non-fiction Central Library, University of Rajshahi Central Library, University of Rajshahi   30/11/1966 SH. MD ASHRAF 11.25   181.947 AML 1958 23/04/2014 C-8 Books